| 000 | 00000nam##2200000za#4500 |
| 001 | 9.575616 |
| 003 | CaOODSP |
| 005 | 20210624184741 |
| 007 | cr ||||||||||| |
| 008 | 150406|2008||||xxc|||||o f|0| 0 eng|d |
| 040 | |aCaOODSP|beng |
| 043 | |an-cn--- |
| 086 | 1 |aTU3-5/08-29E-PDF |
| 110 | 2 |aTransportation Safety Board of Canada. |
| 245 | 10|aIn-flight fuel feed failure resulting in engine fuel starvation - Air Canada Airbus A330-343 C-GFAH Montréal, Quebec, 50 nm W, 30 April 2008 |h[electronic resource] |
| 260 | |aGatineau - Quebec : |bTransportation Safety Board of Canada |c[2008]. |
| 300 | |a26p.|bfigs. |
| 490 | 1 |aAviation investigation report |vA08Q0082 |
| 590 | |a13-02-Supp|b2013-01-11 |
| 775 | 08|tPanne d'alimentation en carburant d'un moteur causée par une défaillance en vol de l'alimentation en carburant de l'Airbus A330-343 C-GFAH exploité par Air Canada à 50 nm à l'ouest de Montréal (Québec), le 30 avril 2008 |w(CaOODSP)9.605114 |
| 830 | #0|aAviation investigation report ;|vA08Q0082|w(CaOODSP)9.504825 |
| 856 | 40|ahttp://publications.gc.ca|qPDF|s1551 KB|uhttps://publications.gc.ca/collections/collection_2012/bst-tsb/TU3-5-08-29-eng.pdf|yA08Q0082 |